000 00217nam a2200097Ia 4500
005 20251222114354.0
008 251222s1900||||xx |||||||||||||| ||spa||
082 _aDVD0070/B81/1996/Ej.2
245 0 _aHamlet:
942 _cDVD
999 _c1380
_d1380